Die organisatorische Entwicklung der Deutschen Reichsverfassung

Elmentve itt :
Bibliográfiai részletek
Szerző: Haenel Albert
Dokumentumtípus: Cikk
Megjelent: 1880
Sorozat:Kolligátum
Kulcsszavak:Alkotmányjog - német
Online Access:http://misc.bibl.u-szeged.hu/23100
LEADER 00559nab a2200169 i 4500
001 misc23100
005 20191111110707.0
008 170731s1880 hu o 0|| zxx d
040 |a SZTE Miscellanea Repozitórium  |b hun 
041 |a zxx 
100 1 |a Haenel Albert 
245 1 4 |a Die organisatorische Entwicklung der Deutschen Reichsverfassung  |h [elektronikus dokumentum] /  |c  Haenel Albert 
260 |c 1880 
300 |a 1-96 
490 0 |a Kolligátum 
695 |a Alkotmányjog - német 
856 4 0 |u http://misc.bibl.u-szeged.hu/23100/1/70444_001-358.pdf  |z Dokumentum-elérés